[Event "POL-ch sf (Women)"]
[Site "Karpacz"]
[Date "2023.12.06"]
[Round "3"]
[White "Waszczuk, Patrycja"]
[Black "Kubicka, Anna"]
[Result "0-1"]
[WhiteElo "2180"]
[BlackElo "2284"]
[PlyCount "140"]
[EventDate "2023.12.04"]
[EventType "swiss"]
[EventRounds "9"]
[EventCountry "POL"]
[SourceTitle "CB50_2023"]
[SourceDate "2023.12.13"]
[SourceVersion "1"]
[SourceVersionDate "2023.12.13"]
[SourceQuality "1"]

1. c4 g6 2. Nc3 c5 3. g3 Bg7 4. Bg2 Nc6 5. e3 e6 6. Nge2 Nge7 7. 0-0 0-0 8. d4 cxd4 9. exd4 d5 10. cxd5 Nxd5 11. Nxd5 exd5 12. Be3 Bg4 13. f3 Bf5 14. Qd2 Re8 15. Bf2 Qb6 16. g4 Qb4 17. Qxb4 Nxb4 18. Nc3 Bd3 19. Rfe1 Ba6 20. Rxe8+ Rxe8 21. Bf1 Bxf1 22. Kxf1 Nd3 23. Bg1 Nxb2 24. Rb1 Nd3 25. Nxd5 b6 26. Rd1 Nb2 27. Rc1 Nd3 28. Rd1 Nb2 29. Rc1 b5 30. Rb1 Nc4 31. Rxb5 Nd2+ 32. Kg2 Re2+ 33. Kg3 Nf1+ 34. Kf4 Bf8 35. Nf6+ Kg7 36. Ne4 h6 37. d5 g5+ 38. Kf5 Ne3+ 39. Bxe3 Rxe3 40. Rb3 Re2 41. a3 Re1 42. Rd3 Rb1 43. Ke5 Rb5 44. Kd4 Rb6 45. Kc4 Be7 46. d6 Bd8 47. Rb3 Rc6+ 48. Kd5 Rc1 49. Rc3 Rd1+ 50. Kc6 Bb6 51. Kd7 Rd5 52. Rc6 Rd3 53. Ke8 Rxf3 54. Rxb6 axb6 55. Ng3 Re3+ 56. Kd7 Rxa3 57. Kc6 Rd3 58. Nf5+ Kf6 59. d7 Ke6 60. Ng7+ Ke7 61. Nf5+ Kd8 62. Nxh6 Rxd7 63. Nf5 Rd2 64. Nd6 Rxd6+ 65. Kxd6 b5 66. Kc5 Kd7 67. Kxb5 Kd6 68. Kc4 Ke5 69. Kd3 Kf4 70. Ke2 Kxg4 0-1

[Event "Ustron op-A"]
[Site "Ustron"]
[Date "2020.08.15"]
[Round "3"]
[White "Fus, Jakub"]
[Black "Waszczuk, Patrycja"]
[Result "1-0"]
[WhiteElo "2370"]
[BlackElo "2321"]
[PlyCount "217"]
[EventDate "2020.08.15"]
[EventType "swiss"]
[EventRounds "9"]
[EventCountry "POL"]
[SourceTitle "CBM 197 Extra"]
[Source "ChessBase"]
[SourceDate "2020.09.30"]
[SourceVersion "1"]
[SourceVersionDate "2020.09.30"]
[SourceQuality "1"]

1. d4 d5 2. c4 c6 3. cxd5 cxd5 4. Bf4 Nc6 5. Nc3 Nf6 6. e3 e6 7. Bd3 Be7 8. h3 a6 9. Nf3 Bd6 10. Bxd6 Qxd6 11. 0-0 0-0 12. Rc1 Bd7 13. a3 b5 14. b4 Rac8 15. Qd2 Rfd8 16. Qb2 h6 17. Rc2 e5 18. Nxb5 axb5 19. dxe5 Nxe5 20. Qxe5 Qxe5 21. Nxe5 Rxc2 22. Bxc2 Ra8 23. Ra1 Be8 24. Nf3 Ne4 25. Bb3 Nf6 26. Nd4 Kf8 27. f3 Bd7 28. Kf2 Ke7 29. Ke2 Kd6 30. Bc2 Kc7 31. Bd3 Kb6 32. Nb3 Ne8 33. Nc5 Bc6 34. Kd2 Nd6 35. Kc3 f6 36. Ra2 Re8 37. Re2 Ra8 38. Kb2 Re8 39. Nb3 Rd8 40. Nd4 Bd7 41. Re1 Re8 42. Kc3 Rc8+ 43. Kd2 Ra8 44. Ra1 Rc8 45. Rc1 Rxc1 46. Kxc1 Bc8 47. Kd2 Bd7 48. Kc3 Bc8 49. g4 Bd7 50. h4 Nf7 51. Bf5 Bc6 52. h5 Nd8 53. Bd3 Bd7 54. Ne2 Kc7 55. Ng3 Kd6 56. Nf5+ Bxf5 57. Bxf5 Kc6 58. Kd4 Kd6 59. f4 Nc6+ 60. Kc3 Nd8 61. Bd3 Kc6 62. Bc2 Ne6 63. a4 bxa4 64. Bxa4+ Kd6 65. Bc2 Nc7 66. Bd3 Ne6 67. Bc2 Nc7 68. Kd3 Ne6 69. Ba4 Nc7 70. Kc3 Ne6 71. Kc2 Nc7 72. Kd3 Na6 73. Kc3 Nc7 74. Bc2 Kc6 75. Bf5 Nb5+ 76. Kb3 Nc7 77. Bd3 Ne6 78. Kc3 Nc7 79. Be2 Kd6 80. Bf3 Kc6 81. e4 dxe4 82. Bxe4+ Kd6 83. Kc4 Ne6 84. f5 Nf8 85. Kb5 Nd7 86. Bf3 Kc7 87. Bd1 Kd6 88. Ba4 Kc7 89. Ka6 Ne5 90. Ka7 Nc4 91. Bb3 Nd6 92. Ka6 Nc8 93. Bc4 Nd6 94. Bb3 Nc8 95. Kb5 Nd6+ 96. Kc5 Ne4+ 97. Kd5 Nf2 98. Ke6 Nxg4 99. Kf7 Ne3 100. Be6 Kc6 101. Kxg7 Ng4 102. Bc4 Kd6 103. Be2 Ne3 104. Kxh6 Ke5 105. Bd3 Ng4+ 106. Kg7 Kd4 107. h6 Nxh6 108. Kxh6 Kxd3 109. Kg6 1-0

[Event "POL-ch (Women)"]
[Site "Ostrow Wielkopolski"]
[Date "2020.08.12"]
[Round "9.3"]
[White "Waszczuk, Patrycja"]
[Black "Sliwicka, Alicja"]
[Result "0-1"]
[WhiteElo "2321"]
[BlackElo "2317"]
[PlyCount "158"]
[EventDate "2020.08.04"]
[EventType "tourn"]
[EventRounds "9"]
[EventCountry "POL"]
[EventCategory "4"]
[SourceTitle "CBM 197 Extra"]
[Source "ChessBase"]
[SourceDate "2020.09.30"]
[SourceVersion "1"]
[SourceVersionDate "2020.09.30"]
[SourceQuality "1"]

1. g3 g6 2. Bg2 Bg7 3. e4 c5 4. Ne2 Nc6 5. Nbc3 d6 6. d3 a6 7. Be3 Nd4 8. 0-0 Rb8 9. f4 b5 10. Bxd4 cxd4 11. Nb1 e6 12. Nd2 Ne7 13. Nf3 Qb6 14. Qe1 0-0 15. Qf2 e5 16. c3 dxc3 17. Qxb6 Rxb6 18. bxc3 f5 19. a4 fxe4 20. dxe4 Be6 21. axb5 Bc4 22. Rf2 axb5 23. fxe5 dxe5 24. Nd2 Be6 25. Rxf8+ Bxf8 26. Nf3 Nc6 27. Ra8 Kg7 28. Kf2 Bc5+ 29. Ke1 h6 30. Nc1 b4 31. cxb4 Bxb4+ 32. Kd1 g5 33. Bf1 Bd6 34. Ra6 Rxa6 35. Bxa6 g4 36. Nd2 Bc5 37. Ke1 Nb4 38. Bc4 Nc2+ 39. Ke2 Nd4+ 40. Kd3 Bxc4+ 41. Kxc4 Ba7 42. Kd3 Kf6 43. Nf1 Nf3 44. Ne2 h5 45. Kc4 Ke6 46. Kd3 Kd6 47. Kc4 Kc6 48. Kb4 Ng5 49. Nd2 Bc5+ 50. Kc4 Be3 51. Nf1 Bf2 52. Kd3 Kc5 53. Nc1 Nf3 54. Ne2 Ne1+ 55. Kc3 Bd4+ 56. Kd2 Nf3+ 57. Kd3 Bf2 58. Kc3 Be1+ 59. Kd3 Ba5 60. Nc1 Kb5 61. Ne2 Ne1+ 62. Ke3 Kc4 63. Nc1 Nf3 64. Ke2 Bb6 65. Nd3 Kd4 66. Nf2 Ng1+ 67. Kd2 Ba5+ 68. Kd1 Nf3 69. Ke2 Ng1+ 70. Kd1 Bb4 71. h3 Nxh3 72. Nxh3 gxh3 73. Ke2 Kxe4 74. Nh2 Bc5 75. Nf3 Kf5 76. Nh2 Bg1 77. Nf3 h2 78. Nxh2 Bxh2 79. Kf3 Bg1 0-1

[Event "POL-ch (Women)"]
[Site "Ostrow Wielkopolski"]
[Date "2020.08.05"]
[Round "2"]
[White "Waszczuk, Patrycja"]
[Black "Cyfka, Karina"]
[Result "0-1"]
[WhiteElo "2321"]
[BlackElo "2411"]
[PlyCount "164"]
[EventDate "2020.08.04"]
[EventType "tourn"]
[EventRounds "9"]
[EventCountry "POL"]
[EventCategory "4"]
[SourceTitle "CBM 197 Extra"]
[Source "ChessBase"]
[SourceDate "2020.09.30"]
[SourceVersion "1"]
[SourceVersionDate "2020.09.30"]
[SourceQuality "1"]

1. e4 e5 2. Nf3 Nc6 3. Bb5 a6 4. Ba4 Nf6 5. 0-0 Nxe4 6. Re1 Nc5 7. Bxc6 dxc6 8. Nxe5 Be6 9. d4 Nd7 10. Nc3 Nxe5 11. dxe5 Qxd1 12. Nxd1 0-0-0 13. Be3 Be7 14. f4 f6 15. exf6 Bxf6 16. c3 Rhe8 17. Nf2 b6 18. Ne4 Be7 19. Bd4 Bd5 20. Ng3 Bf8 21. b3 Bf7 22. Rxe8 Rxe8 23. Kf2 a5 24. Rd1 b5 25. Nf5 g6 26. Ne3 Rd8 27. Ke2 a4 28. bxa4 bxa4 29. c4 Be6 30. g4 Bd6 31. Rf1 Bb4 32. Rd1 Rf8 33. Rf1 Bd6 34. f5 gxf5 35. gxf5 Bf7 36. Rf2 Re8 37. Kd3 Rd8 38. Kc3 c5 39. Bf6 Re8 40. Kd3 Rg8 41. Bc3 Kd7 42. Nd5 Kc6 43. Ne3 Rg5 44. Bf6 Rg1 45. Bc3 Rh1 46. Ng4 Rd1+ 47. Kc2 Rg1 48. Ne5+ Bxe5 49. Bxe5 Bxc4 50. Kc3 Bf7 51. Kb2 Re1 52. Bf4 Re4 53. Bd2 Kb5 54. a3 Rd4 55. Bc3 Rd3 56. Kc2 Rh3 57. Kb2 Kc4 58. f6 Re3 59. Rf4+ Kd3 60. Rf2 Re8 61. Rf3+ Ke2 62. Rg3 Bg6 63. Rg2+ Kd3 64. Rg3+ Ke2 65. Rg2+ Kf3 66. Rg3+ Kf2 67. f7 Bxf7 68. Rg7 Re2+ 69. Kc1 Bg6 70. Bd2 Re4 71. Bc3 Re3 72. Kb2 Re2+ 73. Ka1 Rc2 74. Be5 c6 75. Ra7 Rc4 76. Kb2 Kg2 77. Rc7 Rc2+ 78. Ka1 Be4 79. Rg7+ Kh1 80. Rg4 Re2 81. Rh4 c4 82. Rh3 Bf5 0-1

[Event "POL-chT 2nd League"]
[Site "Jastrzebia Gora"]
[Date "2019.09.12"]
[Round "6.12"]
[White "Waszczuk, Patrycja"]
[Black "Czaplewska, Klara"]
[Result "1-0"]
[WhiteElo "2197"]
[BlackElo "1870"]
[PlyCount "51"]
[EventDate "2019.09.07"]
[EventType "team-swiss"]
[EventRounds "9"]
[EventCountry "POL"]
[SourceTitle "EXT 2020"]
[Source "ChessBase"]
[SourceDate "2019.10.17"]
[SourceVersion "1"]
[SourceVersionDate "2019.10.17"]
[SourceQuality "1"]
[WhiteTeam "Siedlce KSz Skoczek"]
[BlackTeam "Zarow Goniec"]
[WhiteTeamCountry "POL"]
[BlackTeamCountry "POL"]

1. e4 e5 2. Nf3 Nc6 3. Bb5 a6 4. Ba4 Nf6 5. 0-0 d6 6. Re1 b5 7. Bb3 Na5 8. d4 Nxb3 9. axb3 Qe7 10. c4 Bb7 11. Nc3 b4 12. dxe5 dxe5 13. Nd5 Nxd5 14. exd5 f6 15. Nd4 Qd7 16. Ne6 Kf7 17. f4 exf4 18. Bxf4 Bd6 19. Qg4 Kg8 20. Bh6 g6 21. Qd4 Be5 22. Rxe5 fxe5 23. Qxe5 Re8 24. Rf1 Qe7 25. Bg5 Qd7 26. Qf6 1-0

[Event "EU-ch U16 Girls"]
[Site "Bratislava"]
[Date "2019.08.09"]
[Round "8"]
[White "Mkrtchyan, Mariam"]
[Black "Waszczuk, Patrycja"]
[Result "0-1"]
[WhiteElo "2038"]
[BlackElo "2139"]
[PlyCount "62"]
[EventDate "2019.08.02"]
[EventType "swiss"]
[EventRounds "9"]
[EventCountry "SVK"]
[SourceTitle "CBM 191 Extra"]
[Source "ChessBase"]
[SourceDate "2019.09.30"]
[SourceVersion "1"]
[SourceVersionDate "2019.09.30"]
[SourceQuality "1"]

1. d4 Nf6 2. Bg5 e6 3. e4 h6 4. Bxf6 Qxf6 5. c3 d6 6. Bd3 Nd7 7. Ne2 g6 8. 0-0 Bg7 9. f4 0-0 10. Nd2 Qd8 11. e5 dxe5 12. dxe5 Nxe5 13. Be4 Ng4 14. Nc4 Qe7 15. b4 a5 16. a3 e5 17. h3 exf4 18. hxg4 axb4 19. Bd5 Bxg4 20. Rf2 Rfd8 21. Ra2 c6 22. Nb6 Rab8 23. axb4 cxd5 24. Nxd5 Qg5 25. Rd2 Be5 26. c4 f3 27. Nd4 fxg2 28. Qb1 Qh4 29. Rxg2 Re8 30. Nc2 Bf3 31. Rgf2 Qh1# 0-1

[Event "EU-ch U16 Girls"]
[Site "Bratislava"]
[Date "2019.08.08"]
[Round "7"]
[White "Waszczuk, Patrycja"]
[Black "Getman, Tatyana"]
[Result "1/2-1/2"]
[WhiteElo "2139"]
[BlackElo "2204"]
[PlyCount "75"]
[EventDate "2019.08.02"]
[EventType "swiss"]
[EventRounds "9"]
[EventCountry "SVK"]
[SourceTitle "CBM 191 Extra"]
[Source "ChessBase"]
[SourceDate "2019.09.30"]
[SourceVersion "1"]
[SourceVersionDate "2019.09.30"]
[SourceQuality "1"]

1. e4 c5 2. Nf3 d6 3. d4 cxd4 4. Nxd4 Nf6 5. Nc3 a6 6. Be3 e5 7. Nb3 Be6 8. Qd2 Nbd7 9. f4 Rc8 10. 0-0-0 b5 11. Kb1 Be7 12. h3 h5 13. a3 Bc4 14. Be2 Bxe2 15. Qxe2 Rxc3 16. bxc3 Nxe4 17. Qd3 d5 18. Rhf1 Qc7 19. Bd2 Nb6 20. fxe5 0-0 21. Rf3 Na4 22. Qxd5 Nexc3+ 23. Bxc3 Nxc3+ 24. Rxc3 Qxc3 25. Rd3 Qc4 26. Kb2 Rc8 27. Qxc4 Rxc4 28. Rd7 Bh4 29. Nd2 Rc5 30. Nf3 Bg3 31. Ra7 Bxe5+ 32. Nxe5 Rxe5 33. Ra8+ Kh7 34. Rxa6 g5 35. Ra5 f6 36. Kc3 Kg6 37. Kd3 Kf5 38. a4 1/2-1/2

[Event "POL-chT 2nd League"]
[Site "Jastrzebia Gora"]
[Date "2018.09.03"]
[Round "3.102"]
[White "Waszczuk, Patrycja"]
[Black "Kopica, Paulina"]
[Result "0-1"]
[WhiteElo "1983"]
[BlackElo "1940"]
[PlyCount "68"]
[EventDate "2018.09.01"]
[EventType "team-swiss"]
[EventRounds "9"]
[EventCountry "POL"]
[SourceTitle "CBM 186 Extra"]
[Source "ChessBase"]
[SourceDate "2018.08.24"]
[SourceVersion "1"]
[SourceVersionDate "2018.08.24"]
[SourceQuality "1"]
[WhiteTeam "Siedlce KSz Skoczek"]
[BlackTeam "Prudnik LKS Zarzewie"]
[WhiteTeamCountry "POL"]
[BlackTeamCountry "POL"]

1. f4 d5 2. Nf3 c5 3. g3 Nc6 4. Bg2 Nf6 5. 0-0 Bf5 6. d3 Qd7 7. Ne5 Qc7 8. Nxc6 Qxc6 9. Nd2 0-0-0 10. e4 dxe4 11. Qe1 Qd7 12. dxe4 Bh3 13. Nf3 Bxg2 14. Kxg2 e6 15. e5 Nd5 16. Bd2 Nb6 17. a4 Qc6 18. Qe2 Be7 19. c4 Nxc4 20. Be1 Rd4 21. Bf2 Re4 22. Qc2 Rd8 23. Rad1 Rxd1 24. Qxd1 Nxb2 25. Qc2 Nc4 26. Kg1 Ne3 27. Bxe3 Rxe3 28. Qf2 Ra3 29. Kg2 Qxa4 30. Kh3 Qe4 31. Nd2 Qf5+ 32. Kg2 Qc2 33. Re1 Ra2 34. Re2 Qd3 0-1

[Event "POL-chT 2nd League"]
[Site "Jastrzebia Gora"]
[Date "2018.09.02"]
[Round "2.84"]
[White "Kindler, Karolina"]
[Black "Waszczuk, Patrycja"]
[Result "0-1"]
[WhiteElo "1632"]
[BlackElo "1983"]
[PlyCount "88"]
[EventDate "2018.09.01"]
[EventType "team-swiss"]
[EventRounds "9"]
[EventCountry "POL"]
[SourceTitle "CBM 186 Extra"]
[Source "ChessBase"]
[SourceDate "2018.08.24"]
[SourceVersion "1"]
[SourceVersionDate "2018.08.24"]
[SourceQuality "1"]
[WhiteTeam "Gdansk Korona"]
[BlackTeam "Siedlce KSz Skoczek"]
[WhiteTeamCountry "POL"]
[BlackTeamCountry "POL"]

1. d4 d5 2. Bf4 Nf6 3. e3 c6 4. c4 Bf5 5. Nf3 e6 6. Nc3 h6 7. Qb3 b6 8. Rc1 Bd6 9. Bxd6 Qxd6 10. c5 Qd8 11. cxb6 axb6 12. Ne5 0-0 13. Bd3 Bxd3 14. Nxd3 Nbd7 15. Na4 Rc8 16. 0-0 Ne4 17. Qb4 Qc7 18. f3 Nd6 19. b3 Nb7 20. Rc2 Rfe8 21. Rfc1 Na5 22. Qc3 Qa7 23. Qb2 Nc4 24. bxc4 Qxa4 25. Nb4 Ra8 26. cxd5 cxd5 27. Rc7 Qb5 28. Rb7 Rac8 29. Rcc7 Rxc7 30. Rxc7 e5 31. dxe5 Nxe5 32. Qd4 Qe2 33. h3 Qe1+ 34. Kh2 Qf2 35. Kh1 Nxf3 36. gxf3 Qxf3+ 37. Kg1 Qg3+ 38. Kf1 Qxc7 39. Nxd5 Qg3 40. Nxb6 Rxe3 41. Qb4 Rf3+ 42. Ke2 Rf2+ 43. Kd1 Qd3+ 44. Kc1 Qc2# 0-1

[Event "POL-chT U20 1st League"]
[Site "Szczyrk"]
[Date "2017.07.27"]
[Round "6.29"]
[White "Reda, Patrycja"]
[Black "Waszczuk, Patrycja"]
[Result "0-1"]
[WhiteElo "1522"]
[BlackElo "1855"]
[PlyCount "138"]
[EventDate "2017.07.22"]
[EventType "team-tourn"]
[EventRounds "9"]
[EventCountry "POL"]
[SourceTitle "EXT 2019"]
[Source "ChessBase"]
[SourceDate "2018.10.10"]
[SourceVersion "1"]
[SourceVersionDate "2018.10.10"]
[SourceQuality "1"]

1. d4 d5 2. Nf3 Nf6 3. Bg5 e6 4. Nbd2 Be7 5. e3 c5 6. c3 Nc6 7. Bd3 Qb6 8. Rb1 h6 9. Bh4 cxd4 10. exd4 g5 11. Bg3 Nh5 12. Be5 Nxe5 13. Nxe5 Nf4 14. Qa4+ Kf8 15. Bf1 Bd6 16. Nd3 Qc7 17. Nxf4 Bxf4 18. g3 Bxd2+ 19. Kxd2 Bd7 20. Qb4+ Kg7 21. h4 a5 22. Qb3 b5 23. a3 Qd8 24. Qd1 Qf6 25. Qe2 b4 26. axb4 axb4 27. Qe5 Qxe5 28. dxe5 bxc3+ 29. Kxc3 Rhc8+ 30. Kd2 f6 31. f4 gxf4 32. gxf4 Ra4 33. Ke3 Re4+ 34. Kf3 fxe5 35. Rg1+ Kf6 36. fxe5+ Kxe5 37. Rg4 Rf8+ 38. Kg3 Rxg4+ 39. Kxg4 Rf4+ 40. Kg3 Rb4 41. Re1+ Kd6 42. Rb1 e5 43. Bg2 Rb3+ 44. Kh2 e4 45. Kg1 Ke5 46. Kf2 d4 47. Bf1 e3+ 48. Kf3 Bc6+ 49. Kg4 Be4 50. Ra1 Bf5+ 51. Kf3 Rxb2 52. Ra5+ Kf6 53. Ra6+ Ke7 54. Be2 Be6 55. Ra5 Kd6 56. Bd3 Bd5+ 57. Kf4 Rf2+ 58. Kg3 Rd2 59. Bb5 Rg2+ 60. Kf4 h5 61. Ra6+ Kc5 62. Bd3 e2 63. Ra1 Be6 64. Rc1+ Kd6 65. Re1 Rg4+ 66. Kf3 Rxh4 67. Kxe2 Bg4+ 68. Kf2 Rh2+ 69. Kg3 Rh3+ 0-1

[Event "POL-chT U20 1st League"]
[Site "Szczyrk"]
[Date "2017.07.23"]
[Round "2.17"]
[White "Szelag, Zuzanna"]
[Black "Waszczuk, Patrycja"]
[Result "0-1"]
[WhiteElo "1753"]
[BlackElo "1855"]
[PlyCount "102"]
[EventDate "2017.07.22"]
[EventType "team-tourn"]
[EventRounds "9"]
[EventCountry "POL"]
[SourceTitle "EXT 2019"]
[Source "ChessBase"]
[SourceDate "2018.10.10"]
[SourceVersion "1"]
[SourceVersionDate "2018.10.10"]
[SourceQuality "1"]

1. e4 c5 2. Nf3 d6 3. d4 cxd4 4. Nxd4 Nf6 5. Nc3 a6 6. Bg5 e6 7. f4 h6 8. Bh4 Qb6 9. a3 Qc7 10. Bf2 b5 11. Qf3 Bb7 12. g4 Nbd7 13. Bg2 Nc5 14. Qe2 e5 15. Nf5 g6 16. Bh4 Ncd7 17. Ne3 Be7 18. Bxf6 Nxf6 19. 0-0-0 exf4 20. Ned5 Nxd5 21. Nxd5 Bxd5 22. Rxd5 0-0 23. h4 Rac8 24. g5 h5 25. Rhd1 Qc4 26. Qxc4 Rxc4 27. Rf1 f6 28. Rxf4 fxg5 29. Rxf8+ Kxf8 30. hxg5 Rc5 31. Rxc5 dxc5 32. e5 Bxg5+ 33. Kd1 Bf4 34. e6 Ke7 35. b3 Kxe6 36. Ke2 Bc1 37. a4 bxa4 38. bxa4 g5 39. Kf1 Kf5 40. Kg1 h4 41. Bb7 a5 42. Kg2 g4 43. Bc6 Kf4 44. Kh1 Be3 45. Bb7 Kg3 46. Bc8 h3 47. Bd7 Kh4 48. c4 Bf4 49. Be6 g3 50. Bd5 g2+ 51. Kg1 Be3+ 0-1

[Event "POL-chT U20 1st League"]
[Site "Szczyrk"]
[Date "2017.07.22"]
[Round "1.23"]
[White "Waszczuk, Patrycja"]
[Black "Kindler, Karolina"]
[Result "1-0"]
[WhiteElo "1855"]
[BlackElo "1701"]
[PlyCount "79"]
[EventDate "2017.07.22"]
[EventType "team-tourn"]
[EventRounds "9"]
[EventCountry "POL"]
[SourceTitle "EXT 2019"]
[Source "ChessBase"]
[SourceDate "2018.10.10"]
[SourceVersion "1"]
[SourceVersionDate "2018.10.10"]
[SourceQuality "1"]

1. e4 c5 2. Nf3 e6 3. d4 cxd4 4. Nxd4 Nf6 5. Nc3 d6 6. g3 Be7 7. Bg2 0-0 8. 0-0 a6 9. a4 Qc7 10. Be3 Nc6 11. Nb3 b6 12. f4 Bb7 13. Qe2 Nd7 14. Rad1 Nc5 15. f5 Bf6 16. fxe6 fxe6 17. Nxc5 bxc5 18. Qc4 Qe7 19. Ne2 a5 20. Bh3 Rfe8 21. Nf4 Nd4 22. Qd3 Ba6 23. c4 Rab8 24. Bxd4 Bxd4+ 25. Kh1 e5 26. Nd5 Qd8 27. b3 Bc8 28. Bxc8 Qxc8 29. Rf5 Qb7 30. Rdf1 Rf8 31. Qf3 Rxf5 32. Qxf5 h6 33. Qg6 Rf8 34. Qe6+ Rf7 35. Qe8+ Kh7 36. Qxf7 Qxf7 37. Rxf7 Kg6 38. Rd7 Kg5 39. Rxg7+ Kh5 40. Nf6# 1-0

[Event "Liptovsky Mikulas CupT U20"]
[Site "Liptovsky Mikulas"]
[Date "2017.06.24"]
[Round "6.4"]
[White "Waszczuk, Patrycja"]
[Black "Korenova, Simona"]
[Result "1-0"]
[WhiteElo "1774"]
[BlackElo "1701"]
[PlyCount "45"]
[EventDate "2017.06.21"]
[EventType "team-swiss"]
[EventRounds "8"]
[EventCountry "SVK"]
[SourceTitle "CBM 179 Extra"]
[Source "ChessBase"]
[SourceDate "2017.08.23"]
[SourceVersion "1"]
[SourceVersionDate "2017.08.23"]
[SourceQuality "1"]
[WhiteTeam "Krakow Wisla"]
[BlackTeam "Liptov Chess School"]
[WhiteTeamCountry "POL"]
[BlackTeamCountry "SVK"]

1. e4 c5 2. Nf3 d6 3. d4 cxd4 4. Nxd4 Nf6 5. Nc3 g6 6. Be3 Bg7 7. f3 0-0 8. Qd2 Nc6 9. 0-0-0 d5 10. exd5 Nxd5 11. Nxc6 bxc6 12. Bd4 e6 13. Bxg7 Kxg7 14. Ne4 Qb6 15. c4 Nc7 16. h4 h6 17. h5 g5 18. f4 f6 19. fxg5 hxg5 20. h6+ Kh8 21. Nxf6 Rxf6 22. Qd8+ Kh7 23. Qe7+ 1-0

[Event "Liptovsky Mikulas CupT U20"]
[Site "Liptovsky Mikulas"]
[Date "2017.06.22"]
[Round "3.4"]
[White "Vozarova, Adriana"]
[Black "Waszczuk, Patrycja"]
[Result "0-1"]
[WhiteElo "1681"]
[BlackElo "1774"]
[PlyCount "132"]
[EventDate "2017.06.21"]
[EventType "team-swiss"]
[EventRounds "8"]
[EventCountry "SVK"]
[SourceTitle "CBM 179 Extra"]
[Source "ChessBase"]
[SourceDate "2017.08.23"]
[SourceVersion "1"]
[SourceVersionDate "2017.08.23"]
[SourceQuality "1"]
[WhiteTeam "Bratislava KSN"]
[BlackTeam "Krakow Wisla"]
[WhiteTeamCountry "SVK"]
[BlackTeamCountry "POL"]

1. e4 c5 2. Nf3 e6 3. c3 d5 4. exd5 Qxd5 5. d4 Nc6 6. Bb5 Bd7 7. 0-0 cxd4 8. Nxd4 Nxd4 9. Bxd7+ Qxd7 10. cxd4 Nf6 11. Bf4 Be7 12. Nc3 0-0 13. Qd3 Rac8 14. Rfd1 Nd5 15. Be3 f5 16. Nxd5 Qxd5 17. Bf4 Bf6 18. Qe3 Rc2 19. b3 Rfc8 20. Be5 Be7 21. Rac1 Qa5 22. Rxc2 Rxc2 23. a4 Qd5 24. Rb1 Bb4 25. Qg5 Qd7 26. Rc1 Rc3 27. h3 h6 28. Qd2 Rxb3 29. Qd1 Rc3 30. Rxc3 Bxc3 31. Qd3 Bb4 32. Qc4 a5 33. Kh1 Qc6 34. Qb3 Kh7 35. Kg1 Qc1+ 36. Kh2 Qc6 37. Kg1 Be7 38. Kh1 g5 39. Qd1 Kg6 40. Qd3 Qxa4 41. g4 Qc6+ 42. Kh2 Qd5 43. gxf5+ exf5 44. Qc3 Bd6 45. Bxd6 Qxd6+ 46. Kg1 a4 47. Qc4 Qd7 48. Qg8+ Kh5 49. Qc4 b5 50. Qe2+ Kg6 51. Qe5 a3 52. Qc5 a2 53. Qa3 Qxd4 54. Qxa2 Qc4 55. Qa6+ Kh5 56. Qf6 Qc1+ 57. Kg2 Qf4 58. Qf7+ Kh4 59. Qg6 h5 60. Qa6 b4 61. Qa4 Qe4+ 62. Kh2 Qd4 63. Kg2 Qc3 64. Qb5 Qxh3+ 65. Kg1 Qg4+ 66. Kf1 Qe4 0-1

[Event "Liptovsky Mikulas CupT U20"]
[Site "Liptovsky Mikulas"]
[Date "2017.06.22"]
[Round "2.4"]
[White "Waszczuk, Patrycja"]
[Black "Buco, Martin"]
[Result "1/2-1/2"]
[WhiteElo "1774"]
[BlackElo "1708"]
[PlyCount "143"]
[EventDate "2017.06.21"]
[EventType "team-swiss"]
[EventRounds "8"]
[EventCountry "SVK"]
[SourceTitle "CBM 179 Extra"]
[Source "ChessBase"]
[SourceDate "2017.08.23"]
[SourceVersion "1"]
[SourceVersionDate "2017.08.23"]
[SourceQuality "1"]
[WhiteTeam "Krakow Wisla"]
[BlackTeam "Povazie RSA"]
[WhiteTeamCountry "POL"]
[BlackTeamCountry "SVK"]

1. e4 c5 2. Nf3 e6 3. d4 cxd4 4. Nxd4 Bc5 5. Nb3 Bb6 6. Nc3 Ne7 7. Bf4 0-0 8. Bd6 f5 9. e5 f4 10. Qf3 Nbc6 11. 0-0-0 Bc7 12. Bd3 a5 13. Nb5 Bxd6 14. exd6 Nd5 15. Be4 Nf6 16. N3d4 Nxe4 17. Qxe4 Nxd4 18. Nxd4 Rb8 19. a4 b6 20. f3 Ba6 21. Qe5 b5 22. axb5 Bxb5 23. Qc5 Qc8 24. Qxc8 Rfxc8 25. Nxb5 Rxb5 26. Rhe1 Rcb8 27. b3 R8b6 28. Re4 g5 29. h4 Rc6 30. Rxe6 dxe6 31. d7 Rb8 32. d8Q+ Rxd8 33. Rxd8+ Kg7 34. Rd7+ Kg6 35. hxg5 Rc5 36. c4 Rxg5 37. Rd2 Kf6 38. Kc2 Ke7 39. Kc3 h5 40. b4 axb4+ 41. Kxb4 Rg8 42. c5 Rb8+ 43. Kc4 e5 44. Rd5 Ke6 45. Rd6+ Ke7 46. Rg6 Kf7 47. Rg5 Kf6 48. Rxh5 Rb2 49. Rh2 e4 50. fxe4 f3 51. Rh3 fxg2 52. Rg3 Ke5 53. Rg4 Ke6 54. Kd4 Ra2 55. c6 Kd6 56. Rg6+ Kc7 57. Ke5 Rc2 58. Kf5 Rxc6 59. Rxg2 Kd7 60. Rg7+ Ke8 61. e5 Ra6 62. Rb7 Rc6 63. Ke4 Ra6 64. Kd5 Ra5+ 65. Ke6 Ra6+ 66. Kf5 Rc6 67. e6 Rc1 68. Rb5 Rf1+ 69. Ke5 Re1+ 70. Kd6 Rd1+ 71. Rd5 Rxd5+ 72. Kxd5 1/2-1/2

[Event "POL Olympiad U14 Girls"]
[Site "Drzonkow"]
[Date "2017.04.02"]
[Round "1"]
[White "Polak, Sylwia"]
[Black "Waszczuk, Patrycja"]
[Result "0-1"]
[WhiteElo "1390"]
[BlackElo "1758"]
[PlyCount "132"]
[EventDate "2017.04.02"]
[EventType "swiss"]
[EventRounds "9"]
[EventCountry "POL"]
[SourceTitle "EXT 2020"]
[Source "ChessBase"]
[SourceDate "2019.10.17"]
[SourceVersion "1"]
[SourceVersionDate "2019.10.17"]
[SourceQuality "1"]

1. d4 Nf6 2. c4 e6 3. Nc3 Bb4 4. Bd2 b6 5. e3 Bb7 6. Nf3 0-0 7. Be2 d5 8. 0-0 Nbd7 9. cxd5 exd5 10. Rc1 c5 11. a3 Bxc3 12. Bxc3 c4 13. b3 b5 14. a4 a6 15. axb5 axb5 16. bxc4 bxc4 17. Ne5 Ne4 18. f3 Nxc3 19. Rxc3 Nb6 20. Re1 Qd6 21. Bf1 Rfe8 22. Qb1 Ba6 23. Qd1 Bb5 24. Qc1 Ra5 25. Rc2 Rea8 26. Rb2 Na4 27. Rb1 Nb6 28. Qd2 Na4 29. Qc1 Rc8 30. Qc2 Be8 31. Qd2 c3 32. Qc2 Raa8 33. Bd3 g6 34. Rec1 Kg7 35. Ng4 Qa3 36. Nf2 Nb2 37. Bf1 Ba4 38. Qe2 Rab8 39. Ra1 Qb3 40. h3 c2 41. e4 Bb5 42. Qe1 Bxf1 43. Kxf1 Nd3 44. Nxd3 Qxd3+ 45. Kg1 Qxd4+ 46. Kh1 dxe4 47. fxe4 Rb4 48. e5 Qe4 49. Qxe4 Rxe4 50. Ra5 Kf8 51. Kg1 Re2 52. Rd5 Ke7 53. Kf1 Re4 54. Rd2 Rec4 55. Re2 Ke6 56. Kf2 Kd5 57. Kf3 Rc3+ 58. Kf2 R8c4 59. Kg1 Kd4 60. e6 fxe6 61. Rxe6 Rd3 62. Ree1 Rd2 63. Kh2 Rc3 64. Re7 Rc5 65. Rxh7 Kc3 66. Ra7 Rd1 0-1